Przystanki na linii 12 MZK Koszalin - Statystyki

Ogólne statystyki
  • Ten quiz został rozwiązany 36 razy
  • Średni wynik to 21 z 41
Statystyki odpowiedzi
Nr Przystanek % Poprawnych
26 Traugutta 02
77%
28 Zielona 02
77%
29 Św. Wojciecha 04
73%
1 Szczecińska 03
73%
38 Dzierżęcino 01
69%
37 Dzierżęcino 03
69%
30 Jabłoniowa 02
69%
20 Wąwozowa
65%
13 Dworzec PKP 01
62%
14 Dworzec PKP 02
62%
22 Jana Pawła II 01
62%
27 Kaplica Wojskowa 02
62%
17 Os. Morskie 02
62%
25 Piłsudskiego 02
62%
19 Rondo Gen. Maczka 03 nż
62%
23 Staszica 01
62%
41 Chełmoniewo 01
58%
21 Kwiatkowskiego 01
58%
24 Politechnika 01
58%
33 Zagórzyno 02
58%
16 Franciszkańska 02
54%
40 Lubiatowska 01
54%
15 Szpital Gruźliczy 02
54%
18 DPS 02
46%
12 Energetyków 01
46%
35 Ptasia 02 nż
46%
32 Czaplówka 02
42%
4 Jasna 01
42%
11 Urząd Skarbowy 01
42%
3 ZZDW 01
42%
34 Limbowa 02 nż
38%
2 Szczecińska Usługi 03 nż
38%
5 Żwirki i Wigury 02 nż
38%
8 Bowid Mieszkalny 01
35%
31 Gerberowa 02
35%
7 Mieszka I Wiadukt 02 nż
35%
6 Miła 02
35%
9 Urząd Celny 01 nż
35%
39 Krawiecka 01 nż
31%
10 Przemysłowa 01
31%
36 Żurawia 02 nż
27%
Nie znaleziono quizów pasujących do podanych kryteriów
Rozkład punktacji
Procent ludzi z każdym wynikiem
Percentyl według liczby udzielonych odpowiedzi
Twoja historia wyników
Nie rozwiązałeś tego quizu